000 00233nam a22000857a 4500
008 161201b xxu||||| |||| 00| 0 eng d
100 _91662
_aKhan,F.A
245 _aLevel-3 Communicative English : Main Course
260 _aNew Delhi
_bMachill
999 _c4374
_d4374